Setkání : Náměšť nad Oslavou : ... letní mezinárodní setkání výtvarníků : výstava plastik v areálu zámku Náměšť nad Oslavou ... = Meeting : Náměšť nad Oslavou : artists international summer meeting : sculpture exhibition in the castle

Korporativní autor: Náměšť nad Oslavou (zámek)
Další autoři: Galerie 12 (Náměšť nad Oslavou, Česko)
Jazyk: Němčina
Čeština
Angličtina
Vydáno: Náměšť nad Oslavou : Národní památkový ústav, Správa státního zámku Náměšť nad Oslavou, [2003]-
Témata:
Fyzický popis: ^^^svazků ; 30 cm
Odebírané svazky: 2(2005), 3(2007), 5(2011), 6(2013), 7(2015)-
Language note: Souběžný anglický text, částečně souběžný německý text
Noviny a časopisy
Uloženo v:
LEADER 03903nas a2200817 i 4500
001 nkc20061637016
003 CZ PrNK
005 20220107133752.0
007 ta
008 060104c20039999xr gr c 0 b0cze
015 |a cnb001637016 
035 |a (OCoLC)85166193 
040 |a ABA001  |b cze  |d OLA001  |d BOA001  |e rda 
041 1 |a cze  |a eng  |a ger  |h cze 
043 |a e------  |a e-xr---  |b e-xr-vy  |2 czenas 
045 |a x-y1 
072 7 |a 73  |x Sochařství, keramika, porcelán, umělecké zpracování kovů  |2 Konspekt  |9 21 
080 |a 739.4  |2 MRF 
080 |a 7.038.544  |2 MRF 
080 |a 730.036/.038  |2 MRF 
080 |a (4)  |2 MRF 
080 |a (437.324)  |2 MRF 
080 |a (083.824)  |2 MRF 
245 0 0 |a Setkání :  |b Náměšť nad Oslavou : ... letní mezinárodní setkání výtvarníků : výstava plastik v areálu zámku Náměšť nad Oslavou ... = Meeting : Náměšť nad Oslavou : artists international summer meeting : sculpture exhibition in the castle 
246 3 |a Treffen 
246 3 0 |a ... letní mezinárodní setkání výtvarníků 
246 3 0 |a ... artists international summer meeting 
246 3 1 |a Meeting 
246 1 2 |a V parku  |f 2009 
246 1 2 |a 450 Zámek Náměšť  |f 2015 
264 1 |a Náměšť nad Oslavou :  |b Národní památkový ústav, Správa státního zámku Náměšť nad Oslavou,  |c [2003]- 
300 |a ^^^svazků ;  |c 30 cm 
310 |a 1x za 2 roky 
336 |a text  |b txt  |2 rdacontent 
337 |a bez média  |b n  |2 rdamedia 
338 |a svazek  |b nc  |2 rdacarrier 
362 0 |a 1 (2003)- 
500 |a Součástí podnázvu, který se nevýznamně mění, je arabská řadová číslovka a rozmezí dat 
500 |a Některé ročníky mají též tematický podnázev 
500 |a Jednotlivé svazky mají ISBN 
546 |a Souběžný anglický text, částečně souběžný německý text 
588 |a Popsáno podle: 2 (2005)  |5 CZ-PrNK 
541 |c pv-r 
648 7 |a 20.-21. století  |7 ch462155  |2 czenas 
650 0 7 |a umělecké kovářství  |7 ph116531  |z Evropa  |y 20.-21. století  |2 czenas 
650 0 7 |a moderní sochařství  |7 ph122941  |z Evropa  |2 czenas 
650 0 7 |a objekty (umění)  |7 ph123590  |z Evropa  |2 czenas 
650 0 9 |a artistic blacksmithing  |z Europe  |y 20th-21st centuries  |2 eczenas 
650 0 9 |a modern sculpture  |z Europe  |2 eczenas 
650 0 9 |a objects (art)  |z Europe  |2 eczenas 
651 7 |a Náměšť nad Oslavou (Česko)  |7 ge130270  |2 czenas 
651 9 |a Náměšť nad Oslavou (Czechia)  |2 eczenas 
655 7 |a katalogy výstav  |7 fd132536  |2 czenas 
655 9 |a exhibition catalogs  |2 eczenas 
710 2 |a Náměšť nad Oslavou (zámek)  |7 olak2003164600  |4 orm 
710 2 |a Galerie 12 (Náměšť nad Oslavou, Česko)  |7 kn20080515005  |4 orm 
902 |a 80-86752-35-6  |q (2,2005 ;  |q brožováno) 
902 |a 978-80-86752-55-6  |q (3,2007 ;  |q brožováno)  |z 80-86752-55-0 
902 |a 978-80-904240-2-9  |q (4,2009 ;  |q brožováno) 
902 |a 978-80-904240-4-3  |q (5,2011 ;  |q brožováno) 
902 |a 978-80-85033-44-1  |q (6,2013 ;  |q brožováno) 
902 |a 978-80-87890-07-3  |q (7,2015 ;  |q brožováno) 
910 2 |a BOA001  |b 4-1153.346  |s 2(2005), 3(2007), 5(2011), 6(2013), 7(2015)- 
920 |a 000784759 
990 |a SE 
995 |a 01 
996 6 |b 2610257228  |c 4-1153.346  |d 2005  |v 2005  |y 2005  |l MZK  |r Sklad / do 1 hodiny  |n 2  |p p.v.  |w 000784759  |u 000010  |a 1  |e BOA001  |j MZK50  |s P 
996 6 |b 2610318435  |c 4-1153.346  |d 2007 3  |v 2007  |i 3  |y 2007  |l MZK  |r Sklad / do 1 hodiny  |n 1  |p p.v.  |w 000784759  |u 000020  |a 1  |e BOA001  |j MZK50  |s P 
996 6 |b 2610481997  |c 4-1153.346  |d 2011 5  |v 2011  |i 5  |y 2011  |l MZK  |r Sklad / do 1 hodiny  |n 1  |p p.v.  |w 000784759  |u 000030  |a 1  |e BOA001  |j MZK50  |s P 
996 6 |b 2610557708  |c 4-1153.346  |d 2013 6  |v 2013  |i 6  |y 2013  |l MZK  |r Sklad / do 1 hodiny  |n 1  |p p.v.  |w 000784759  |u 000040  |a 1  |e BOA001  |j MZK50  |s P 
996 6 |b 2610640460  |c 4-1153.346  |d 2015 7  |v 2015  |i 7  |y 2015  |l MZK  |r Sklad / do 1 hodiny  |n 1  |p p.v.  |w 000784759  |u 000050  |a 1  |e BOA001  |j MZK50  |s P